Jeux de Sports Mario - Statistiques

Statistiques générales
  • Ce quiz a été pris 64 fois
  • Le résultat moyen est 6 sur 20
Statistiques - réponses
Année de sortie Réponse % Correct
2004 Mario Power Tennis
94%
2000 Mario Tennis
94%
1999 Mario Golf
76%
2005 Super Mario Strikers
41%
2018 Mario Tennis Aces
33%
2010 Mario Sports Mix
24%
2022 Mario Strikers : Battle league
22%
2005 Mario Superstar Baseball
22%
2021 Mario Golf : Super Rush
20%
2014 Mario Golf : World Tour
18%
2007 Mario Strikers Charged
18%
2015 Mario Tennis : Ultra Smash
18%
2003 Mario Golf : Toadstool Tour
16%
2008 Mario Super Sluggers
14%
2017 Mario Sports Superstars
12%
2004 Mario Golf : Advance Tour
10%
2006 Mario Hoops 3-on-3
10%
2012 Mario Tennis Open
10%
2005 Mario Tennis : Power Tour
8%
2009 Mario Power Tennis (New Play Control)
2%
Aucun quiz correspondant
Distribution des résultats
% des personnes avec chaque résultat
Percentile par nombre de réponses
Votre historique - résultats
Vous n’avez pas pris ce quiz